000 00322nam a2200157Ia 4500
100 _aHunt/P
650 _aGeneral
942 _cBK
654 _aFinance
245 _aBasic Business Finance
260 _bRichard D.Irwin
_aIllinois
_c1960
082 _a658.1
_bHUN
300 _a911
546 _aENGLISH
999 _c21236
_d21236